000 00252nam a2200097Ia 4500
005 20251222114351.0
008 251222s1900||||xx |||||||||||||| ||spa||
082 _aDVD0060/A45/2004
245 0 _aEn busca de Ricardo III:Looking for Richard III
942 _cDVD
999 _c1251
_d1251